000 00421nam a2200169Ia 4500
005 20250603144601.0
008 250603s9999 xx 000 0 und d
020 _a9793859374
100 _aOwuama, C. I.
245 0 _aBiotechnology: odyssey of a chimaeric industrial microbiologist - molecular geneticist
260 _aYola
260 _bLAPC
260 _c2011
300 _a47 p
650 _aYola
942 _cBK
999 _c39353
_d39353